| 000 | 00700nam a2200205 a 4500 | ||
|---|---|---|---|
| 008 | 120416s1980 ||||||||||||||||| || u | ||
| 020 | _a0070386072 | ||
| 050 | _aHG 173 Lom | ||
| 100 | _aTorto, Raymond G | ||
| 245 | 1 | 0 | _aMoney and the financial system: theory, institutions and policy |
| 260 |
_aNew York: _bMcGraw-Hill _c1980 |
||
| 300 | _axix, 554p. : ill | ||
| 350 | _a0.00 | ||
| 650 | _aFISCAL POLICY | ||
| 650 | _aMONEY | ||
| 650 | 0 | _aFINANCE--DEVELOPING COUNTRIES | |
| 650 | _aMONETARY POLICY | ||
| 700 | _aLombra, Raymond E | ||
| 995 |
_D0.00 _FCBU-MAIN LIBRARY (Kitwe) _H1 _I31.95 _M1 _UAVAILABLE _ZMain Library Open Access Collection |
||
| 999 |
_c51602 _d51602 |
||